[Event "chess.com SpeedChess 2023"]
[Site "chess.com INT"]
[Date "2023.09.13"]
[Round "2.26"]
[White "So, Wesley"]
[Black "Firouzja, Alireza"]
[Result "0-1"]
[WhiteTitle "GM"]
[BlackTitle "GM"]
[WhiteElo "2753"]
[BlackElo "2777"]
[WhiteFideId "5202213"]
[BlackFideId "12573981"]
[EventDate "2023.09.04"]
[EventType "k.o."]

1. d4 Nf6 2. Nf3 g6 3. g3 Bg7 4. Bg2 O-O 5. O-O d6 6. c4 Nbd7 7. Nc3 e5 8. h3
Re8 9. e4 exd4 10. Nxd4 Nc5 11. Re1 c6 12. b3 Nfd7 13. Be3 Ne5 14. Qd2 a5 15.
Rad1 a4 16. f4 Ned3 17. Rf1 axb3 18. axb3 Qa5 19. Rb1 Qb4 20. Rfd1 Qa5 21. Kh2
f5 22. exf5 Bxf5 23. Bg1 Bd7 24. Nce2 Qxd2 25. Rxd2 Nb4 26. Nc3 Ra3 27. Nd1 Ne4
28. Re2 d5 29. cxd5 cxd5 30. Nf3 Bb5 31. Re3 Nc2 32. Nb2 Nxe3 33. Bxe3 Ra2 34.
Bd4 Nd2 35. Nxd2 Bxd4 0-1

[Event "chess.com SpeedChess 2023"]
[Site "chess.com INT"]
[Date "2023.09.13"]
[Round "2.27"]
[White "Firouzja, Alireza"]
[Black "So, Wesley"]
[Result "1/2-1/2"]
[WhiteTitle "GM"]
[BlackTitle "GM"]
[WhiteElo "2777"]
[BlackElo "2753"]
[WhiteFideId "12573981"]
[BlackFideId "5202213"]
[EventDate "2023.09.04"]
[EventType "k.o."]

1. e4 e5 2. Nf3 Nc6 3. Bc4 Bc5 4. c3 Nf6 5. d3 d6 6. O-O a5 7. Re1 O-O 8. Nbd2
Be6 9. Bxe6 fxe6 10. Nb3 Bb6 11. Be3 a4 12. Nbd2 Bxe3 13. Rxe3 d5 14. d4 exd4
15. cxd4 a3 16. bxa3 dxe4 17. Nxe4 Nxe4 18. Rxe4 Rxa3 19. Rxe6 Qd5 20. Re3 Rxa2
21. Rxa2 Qxa2 22. h3 1/2-1/2

[Event "chess.com SpeedChess 2023"]
[Site "chess.com INT"]
[Date "2023.09.13"]
[Round "2.28"]
[White "So, Wesley"]
[Black "Firouzja, Alireza"]
[Result "1-0"]
[WhiteTitle "GM"]
[BlackTitle "GM"]
[WhiteElo "2753"]
[BlackElo "2777"]
[WhiteFideId "5202213"]
[BlackFideId "12573981"]
[EventDate "2023.09.04"]
[EventType "k.o."]

1. e4 c5 2. Nf3 d6 3. Bb5+ Nd7 4. a4 Nf6 5. Nc3 a6 6. Be2 b6 7. d4 cxd4 8. Qxd4
Bb7 9. O-O e6 10. Rd1 Qc7 11. Be3 Ng4 12. Bg5 h6 13. Bh4 Ngf6 14. Nd2 g5 15. Bg3
e5 16. Qc4 Qd8 17. f3 Rc8 18. Qa2 Nh5 19. Bc4 Qe7 20. Bd5 Ndf6 21. Bxb7 Qxb7 22.
Nc4 Qc6 23. Ne3 Nxg3 24. hxg3 Qc5 25. Rd3 Bg7 26. Nd5 Nxd5 27. Qxd5 O-O 28. Qxd6
Rfe8 29. Qxc5 Rxc5 30. Rad1 Bf8 31. Rd8 Rxd8 32. Rxd8 b5 33. axb5 Rxb5 34. b3
Ra5 35. Kf1 h5 36. Ke2 f6 37. Rd7 Ra2 38. Kd3 Ra1 39. Nd5 Bg7 40. Ke2 Rc1 41.
Rc7 Rg1 42. Kf2 Rd1 43. Ke2 Rg1 44. Kf2 Rd1 45. Ne7+ Kh8 46. Rc8+ Kh7 47. Nf5
Bh8 48. b4 Rd2+ 49. Kf1 Rd1+ 50. Ke2 Rg1 51. Kf2 Rb1 52. c3 Rb2+ 53. Kg1 Rb1+
54. Kh2 g4 55. Rc6 Kg6 56. Rxa6 Rb3 57. Rc6 gxf3 58. gxf3 Rb2+ 59. Kh3 Rf2 60.
b5 Rb2 61. b6 Kg5 62. c4 1-0

[Event "chess.com SpeedChess 2023"]
[Site "chess.com INT"]
[Date "2023.09.13"]
[Round "2.29"]
[White "Firouzja, Alireza"]
[Black "So, Wesley"]
[Result "1-0"]
[WhiteTitle "GM"]
[BlackTitle "GM"]
[WhiteElo "2777"]
[BlackElo "2753"]
[WhiteFideId "12573981"]
[BlackFideId "5202213"]
[EventDate "2023.09.04"]
[EventType "k.o."]

1. e4 e5 2. Nf3 Nc6 3. Bc4 Bc5 4. d3 Nf6 5. Bg5 d6 6. c3 h6 7. Bh4 a5 8. O-O Qe7
9. Nbd2 Bg4 10. Kh1 g5 11. Bg3 O-O-O 12. Bb5 Bd7 13. Nc4 Rdg8 14. Bxc6 Bxc6 15.
Nxa5 Bd7 16. Qb3 Bb6 17. Nc4 Ba7 18. Qa3 Kb8 19. Bxe5 g4 20. Bd4 c5 21. Bxf6
Qxf6 22. Nfd2 h5 23. Ne3 h4 24. Ndc4 Bc6 25. f4 gxf3 26. Rxf3 Qg5 27. Qb3 d5 28.
Na5 c4 29. Nxc6+ Ka8 30. Qa4 bxc6 31. Qxc6+ Kb8 32. Rxf7 1-0

[Event "chess.com SpeedChess 2023"]
[Site "chess.com INT"]
[Date "2023.09.13"]
[Round "2.30"]
[White "So, Wesley"]
[Black "Firouzja, Alireza"]
[Result "1/2-1/2"]
[WhiteTitle "GM"]
[BlackTitle "GM"]
[WhiteElo "2753"]
[BlackElo "2777"]
[WhiteFideId "5202213"]
[BlackFideId "12573981"]
[EventDate "2023.09.04"]
[EventType "k.o."]

1. e4 c6 2. d4 d5 3. exd5 cxd5 4. Nf3 Nc6 5. Ne5 e6 6. Bb5 Bd7 7. Nxd7 Qxd7 8.
c3 Bd6 9. O-O Nf6 10. Re1 Qc7 11. g3 O-O 12. Nd2 a6 13. Bf1 Rae8 14. Nf3 Ne4 15.
Bg2 f5 16. Ng5 h6 17. Nxe4 fxe4 18. Be3 Ne7 19. f3 exf3 20. Bxf3 Nf5 21. Bf2 Qf7
22. Rf1 Qd7 23. Bg2 Rf6 24. Qe2 Ref8 25. Rae1 b5 26. a3 Bc7 27. Bh3 Re8 28. Kg2
Nd6 29. Bg1 Rxf1 30. Rxf1 Ne4 31. Bg4 Qe7 32. Bh5 Rf8 33. Rxf8+ Qxf8 34. Bf3 Qf5
35. Bg4 Qg6 36. Bh5 Qf5 37. Be3 Nf6 38. Bf3 g5 39. h3 Kf7 40. Bf2 Bd6 41. Be1
Qb1 42. Bf2 Ke7 43. Be1 Kd7 44. Bf2 Ne4 45. Bg4 Be7 46. Bf3 Nd6 47. Bg4 Ne4 48.
Bf3 Nd6 49. Bg4 Qe4+ 50. Bf3 Qxe2 51. Bxe2 Nc4 52. Bxc4 bxc4 53. Kf3 Kc6 54. Ke2
Kb5 55. Kd1 Bd6 56. g4 Bf4 57. Kc2 Ka4 58. Bg1 Kb5 59. Bf2 Ka4 60. Bg1 Kb5 61.
Bf2 1/2-1/2

[Event "chess.com SpeedChess 2023"]
[Site "chess.com INT"]
[Date "2023.09.13"]
[Round "2.31"]
[White "Firouzja, Alireza"]
[Black "So, Wesley"]
[Result "1/2-1/2"]
[WhiteTitle "GM"]
[BlackTitle "GM"]
[WhiteElo "2777"]
[BlackElo "2753"]
[WhiteFideId "12573981"]
[BlackFideId "5202213"]
[EventDate "2023.09.04"]
[EventType "k.o."]

1. e4 e5 2. Nf3 Nc6 3. Bc4 Bc5 4. d3 Nf6 5. Bg5 h6 6. Bh4 d6 7. c3 a5 8. O-O g5
9. Bg3 O-O 10. Nbd2 Ba7 11. Kh1 Bg4 12. h3 Bh5 13. a3 Ne7 14. Bh2 g4 15. hxg4
Nxg4 16. Bg3 Kh8 17. d4 f5 18. dxe5 fxe4 19. Nxe4 d5 20. Nf6 Nxf6 21. exf6 Nf5
22. Qxd5 Qxd5 23. Bxd5 c6 24. Be4 Nxg3+ 25. fxg3 Rxf6 26. Nh4 Raf8 27. Rxf6 Rxf6
28. Bf3 Bf7 29. Rd1 Be6 30. Kh2 Kg7 31. Rd8 Rf8 32. Rd6 Rf6 33. Be4 Bc5 34. Rd8
Rf8 35. Rd2 Rf2 36. Rxf2 Bxf2 37. Nf5+ Bxf5 38. Bxf5 Be3 39. a4 Bc1 40. b3 Bb2 1/2-1/2

[Event "chess.com SpeedChess 2023"]
[Site "chess.com INT"]
[Date "2023.09.13"]
[Round "2.32"]
[White "So, Wesley"]
[Black "Firouzja, Alireza"]
[Result "1-0"]
[WhiteTitle "GM"]
[BlackTitle "GM"]
[WhiteElo "2753"]
[BlackElo "2777"]
[WhiteFideId "5202213"]
[BlackFideId "12573981"]
[EventDate "2023.09.04"]
[EventType "k.o."]

1. e4 e5 2. Nf3 Nc6 3. Bc4 Nf6 4. d3 Bc5 5. O-O O-O 6. a4 d6 7. Be3 Bb6 8. Nbd2
h6 9. c3 Ng4 10. Bxb6 axb6 11. d4 Re8 12. Re1 Nf6 13. Bb5 Bd7 14. h3 Ne7 15.
Bxd7 Nxd7 16. Nf1 Ng6 17. Ng3 Nf6 18. Qc2 Qd7 19. c4 Nh7 20. Qd2 Rxa4 21. b3 Ra6
22. dxe5 Nxe5 23. Nd4 Nf6 24. Rad1 Ng6 25. Ndf5 Ra5 26. f4 Qc6 27. Kh2 Nxe4 28.
Qd4 Nf6 29. Rxe8+ Qxe8 30. Nxg7 Kxg7 31. b4 Ra2 32. Nf5+ Kf8 33. Qxf6 Qe2 34.
Qd8+ Qe8 35. Qf6 Qe2 36. Qd8+ Qe8 37. Qxc7 Rxg2+ 38. Kxg2 Nxf4+ 39. Kg3 Nh5+ 40.
Kf3 1-0

[Event "chess.com SpeedChess 2023"]
[Site "chess.com INT"]
[Date "2023.09.14"]
[Round "1.1"]
[White "Nepomniachtchi, Ian"]
[Black "Erigaisi, Arjun"]
[Result "1-0"]
[WhiteTitle "GM"]
[BlackTitle "GM"]
[WhiteElo "2771"]
[BlackElo "2712"]
[WhiteFideId "4168119"]
[BlackFideId "35009192"]
[EventDate "2023.09.04"]
[EventType "k.o."]

1. d4 Nf6 2. c4 e6 3. Nc3 Bb4 4. e3 O-O 5. Nf3 d5 6. Bd3 c5 7. O-O cxd4 8. exd4
dxc4 9. Bxc4 b6 10. Qe2 Bb7 11. Rd1 Nbd7 12. d5 e5 13. Bg5 Bxc3 14. bxc3 Rc8 15.
Rac1 Qc7 16. Bb3 Qd6 17. c4 h6 18. Bh4 Nh5 19. Nd2 Nf4 20. Qe3 Nc5 21. Bc2 f5
22. f3 Ba6 23. Re1 Rce8 24. Bb1 g5 25. Bg3 h5 26. h4 Ng6 27. Qxg5 Bc8 28. Nf1
Qf6 29. Qxh5 Kg7 30. Qg5 Qxg5 31. hxg5 e4 32. Bd6 Rh8 33. Bxc5 bxc5 34. fxe4 f4
35. Nh2 Ne5 36. Nf3 Nxf3+ 37. gxf3 Rh3 38. Kg2 Rh5 39. Rh1 Rxg5+ 40. Kf2 Bd7 41.
e5 Rgxe5 42. Rh7+ Kf6 43. Rxd7 Re2+ 44. Kf1 R8e3 45. Rd6+ Kf7 46. Re6 Rxe6 47.
dxe6+ Rxe6 48. Be4 1-0

[Event "chess.com SpeedChess 2023"]
[Site "chess.com INT"]
[Date "2023.09.14"]
[Round "1.2"]
[White "Erigaisi, Arjun"]
[Black "Nepomniachtchi, Ian"]
[Result "1-0"]
[WhiteTitle "GM"]
[BlackTitle "GM"]
[WhiteElo "2712"]
[BlackElo "2771"]
[WhiteFideId "35009192"]
[BlackFideId "4168119"]
[EventDate "2023.09.04"]
[EventType "k.o."]

1. e4 e5 2. Nf3 Nf6 3. d4 Nxe4 4. dxe5 Bc5 5. Bc4 Nxf2 6. Bxf7+ Kxf7 7. Qd5+ Kg6
8. Qxc5 Nxh1 9. Nc3 h6 10. Qc4 d5 11. Nxd5 Nc6 12. Be3 Kh7 13. Nf6+ 1-0

[Event "chess.com SpeedChess 2023"]
[Site "chess.com INT"]
[Date "2023.09.14"]
[Round "1.3"]
[White "Nepomniachtchi, Ian"]
[Black "Erigaisi, Arjun"]
[Result "0-1"]
[WhiteTitle "GM"]
[BlackTitle "GM"]
[WhiteElo "2771"]
[BlackElo "2712"]
[WhiteFideId "4168119"]
[BlackFideId "35009192"]
[EventDate "2023.09.04"]
[EventType "k.o."]

1. d4 d5 2. c4 e6 3. Nc3 c6 4. Nf3 dxc4 5. e3 b5 6. a4 Bb4 7. Bd2 a5 8. axb5
Bxc3 9. Bxc3 cxb5 10. b3 Bb7 11. bxc4 b4 12. Bb2 Nf6 13. Bd3 O-O 14. O-O Qc7 15.
Qe2 a4 16. d5 Nbd7 17. Nd4 exd5 18. Rac1 a3 19. Ba1 Qb6 20. Rb1 Nc5 21. Bc2 dxc4
22. Qxc4 Ba6 23. Qxb4 Qxb4 24. Rxb4 Bxf1 25. Kxf1 Rfb8 26. Rc4 a2 27. Ke2 Rb1 0-1

[Event "chess.com SpeedChess 2023"]
[Site "chess.com INT"]
[Date "2023.09.14"]
[Round "1.4"]
[White "Erigaisi, Arjun"]
[Black "Nepomniachtchi, Ian"]
[Result "0-1"]
[WhiteTitle "GM"]
[BlackTitle "GM"]
[WhiteElo "2712"]
[BlackElo "2771"]
[WhiteFideId "35009192"]
[BlackFideId "4168119"]
[EventDate "2023.09.04"]
[EventType "k.o."]

1. e4 e6 2. d4 d5 3. Nc3 Bb4 4. e5 Ne7 5. a3 Bxc3+ 6. bxc3 c5 7. h4 Qc7 8. Nf3
b6 9. a4 Ba6 10. Bb5+ Bxb5 11. axb5 a5 12. bxa6 O-O 13. dxc5 bxc5 14. h5 h6 15.
Qe2 Qb6 16. Ra4 Rxa6 17. Rg4 Nf5 18. O-O Ra2 19. Nh4 Qa6 20. c4 Nc6 21. Nxf5
exf5 22. Bxh6 Nd4 23. Rxg7+ Kh8 24. Qd2 f4 25. Rg6 fxg6 26. Bxf8 Qxc4 27. e6
Qxf1+ 28. Kh2 Ra1 0-1

[Event "chess.com SpeedChess 2023"]
[Site "chess.com INT"]
[Date "2023.09.14"]
[Round "1.5"]
[White "Nepomniachtchi, Ian"]
[Black "Erigaisi, Arjun"]
[Result "1-0"]
[WhiteTitle "GM"]
[BlackTitle "GM"]
[WhiteElo "2771"]
[BlackElo "2712"]
[WhiteFideId "4168119"]
[BlackFideId "35009192"]
[EventDate "2023.09.04"]
[EventType "k.o."]

1. e4 e6 2. d4 d5 3. e5 c5 4. c3 Nc6 5. Nf3 Bd7 6. Be2 f6 7. O-O fxe5 8. Nxe5
Nxe5 9. dxe5 Qc7 10. Bf4 O-O-O 11. a4 Ne7 12. Na3 a6 13. b4 Nf5 14. Bg4 Nh6 15.
b5 a5 16. b6 Qxb6 17. Rb1 Qa6 18. Bxh6 gxh6 19. Nb5 Rg8 20. c4 Be7 21. Qe2 Rg6
22. Rfd1 dxc4 23. Bf3 Bc6 24. Bxc6 bxc6 25. Nd6+ Bxd6 26. exd6 Kd7 27. Rb2 Rg5
28. Qf3 Rd5 29. Qf7+ Kxd6 30. Re1 Qc8 31. Rb7 Re8 32. Ra7 c3 33. Qf4+ e5 34.
Qxh6+ Qe6 35. Qxh7 Rd2 36. Rc1 1-0

[Event "chess.com SpeedChess 2023"]
[Site "chess.com INT"]
[Date "2023.09.14"]
[Round "1.6"]
[White "Erigaisi, Arjun"]
[Black "Nepomniachtchi, Ian"]
[Result "1/2-1/2"]
[WhiteTitle "GM"]
[BlackTitle "GM"]
[WhiteElo "2712"]
[BlackElo "2771"]
[WhiteFideId "35009192"]
[BlackFideId "4168119"]
[EventDate "2023.09.04"]
[EventType "k.o."]

1. d4 Nf6 2. Bf4 c5 3. d5 d6 4. Nc3 a6 5. a4 e5 6. Bg5 Be7 7. Bxf6 Bxf6 8. e4
O-O 9. h4 Qb6 10. Ra3 Bd8 11. Be2 f5 12. Rb3 Qc7 13. exf5 Bxf5 14. Bg4 c4 15.
Ra3 Qb6 16. Bxf5 Rxf5 17. Ne4 Rf4 18. Re3 Qxb2 19. Nh3 Rxh4 20. O-O Bb6 21. Rg3
Nd7 22. Nxd6 Rf8 23. Rg4 Rh6 24. Nxc4 Qc3 25. Nxb6 Nxb6 26. Ng5 e4 27. Rxe4 Nc4
28. Qd4 Qxd4 29. Rxd4 Nd6 30. c4 Rc8 31. Rc1 b6 32. a5 bxa5 33. c5 Nb5 34. Rdd1
Rh5 35. f4 h6 36. Ne6 Kf7 37. Kf2 a4 38. g4 Rh3 39. f5 Rc3 40. d6 Rxc1 41. Rxc1
Nxd6 42. cxd6 Rxc1 43. d7 Rd1 44. d8=Q Rxd8 45. Nxd8+ Kf6 46. Ne6 a3 47. Nc5 a2
48. Nb3 h5 49. Kf3 Kg5 50. gxh5 Kxf5 51. Ke3 Kg5 52. Kd2 a5 53. Kc2 a4 54. Na1
Kxh5 55. Kb2 g5 56. Nc2 g4 57. Ne3 g3 58. Kxa2 Kg5 59. Ka3 Kf4 60. Ng2+ Kf3 61.
Nh4+ Kg4 62. Ng2 Kf3 63. Nh4+ Kg4 64. Ng2 Kh3 65. Nf4+ Kh2 66. Kxa4 g2 67. Nxg2 1/2-1/2

[Event "chess.com SpeedChess 2023"]
[Site "chess.com INT"]
[Date "2023.09.14"]
[Round "1.7"]
[White "Nepomniachtchi, Ian"]
[Black "Erigaisi, Arjun"]
[Result "0-1"]
[WhiteTitle "GM"]
[BlackTitle "GM"]
[WhiteElo "2771"]
[BlackElo "2712"]
[WhiteFideId "4168119"]
[BlackFideId "35009192"]
[EventDate "2023.09.04"]
[EventType "k.o."]

1. e4 c5 2. Nf3 e6 3. d4 cxd4 4. Nxd4 Nf6 5. Nc3 Bb4 6. e5 Nd5 7. Qg4 Kf8 8. a3
Bxc3+ 9. bxc3 Qc7 10. Bd2 Qxe5+ 11. Be2 Nc6 12. O-O h5 13. Qf3 Qf6 14. Qe4 g5
15. Rfe1 Nf4 16. Nxc6 bxc6 17. Bf1 d5 18. Qa4 e5 19. c4 Bf5 20. Qa5 Rc8 21. Bc3
Ng6 22. cxd5 cxd5 23. Ba6 Rxc3 24. Qxc3 Qxa6 25. Rxe5 Qf6 26. Re3 Kg7 27. Rd1
Rd8 28. Qxf6+ Kxf6 29. Rc3 Nf4 30. Rc5 Rc8 31. Rxc8 Bxc8 32. g3 Nh3+ 33. Kg2 g4
34. Kf1 Ba6+ 35. Ke1 Bc4 36. Rb1 Ng5 37. Kd2 Nf3+ 38. Ke3 Ke5 39. c3 a6 40. Rb8
Nxh2 41. Rh8 Nf1# 0-1

[Event "chess.com SpeedChess 2023"]
[Site "chess.com INT"]
[Date "2023.09.14"]
[Round "1.8"]
[White "Erigaisi, Arjun"]
[Black "Nepomniachtchi, Ian"]
[Result "1/2-1/2"]
[WhiteTitle "GM"]
[BlackTitle "GM"]
[WhiteElo "2712"]
[BlackElo "2771"]
[WhiteFideId "35009192"]
[BlackFideId "4168119"]
[EventDate "2023.09.04"]
[EventType "k.o."]

1. d4 Nf6 2. Nf3 d5 3. Bf4 c5 4. e3 Nc6 5. Nbd2 Nh5 6. Be5 e6 7. c4 cxd4 8. exd4
dxc4 9. Bxc4 Be7 10. O-O O-O 11. Re1 b6 12. h3 Bb7 13. Ne4 Nxe5 14. Nxe5 Nf6 15.
Nc3 Rc8 16. Qb3 Qxd4 17. Bxe6 Bc5 18. Bxf7+ Kh8 19. Re2 Ne4 20. Nf3 Qd3 21. Bc4
Qxc4 22. Qxc4 Bxf2+ 23. Rxf2 Rxc4 24. Nxe4 Rxe4 25. Rd1 Re7 26. Ng5 Rfe8 27. Rf7
Rxf7 28. Nxf7+ Kg8 29. Rd7 Bc6 30. Rc7 Bd5 31. Nd6 Ra8 32. a3 Be6 33. Re7 Ba2
34. Nf5 Bf7 35. Rb7 h6 36. g4 Rd8 37. b4 Rd3 38. Rxa7 Rxh3 39. a4 Ra3 40. Kf2 h5
41. gxh5 Bxh5 42. Rxg7+ Kf8 43. Ra7 Rf3+ 44. Kg2 Rxf5 45. Kg3 Be2 46. b5 Ke8 47.
Ra6 Rf6 48. a5 Rf3+ 49. Kg2 Rb3 50. Rxb6 Bxb5 51. Kf2 Kd7 52. Ke1 Kc7 53. Kd2
Rd3+ 54. Kc2 Rd5 55. Kc3 Bc6 56. Rb4 Rxa5 57. Kd4 Kd6 58. Rb8 Rh5 59. Ke3 Rh3+
60. Kd2 Kc5 61. Rd8 Bd5 62. Rd7 Kd4 63. Rd8 Rh2+ 64. Kd1 Ke4 65. Kc1 Rg2 66. Rd7
Bc4 67. Rd2 Rg3 68. Kc2 Bd3+ 69. Kc3 Ba6+ 70. Kb4 Rg6 71. Rh2 Bd3 72. Rh4+ Kd5
73. Rh5+ Kd4 74. Rh4+ Be4 75. Ka4 Rb6 76. Rg4 Kd5 77. Ka3 Bc2 78. Rb4 Ra6+ 79.
Kb2 Bd1 80. Kc1 Ra1+ 81. Kb2 Ra8 82. Kc1 Be2 83. Kd2 Bc4 84. Ke3 Ra3+ 85. Kf4
Ra7 86. Ke3 Re7+ 87. Kf4 Kd4 88. Ra4 Rf7+ 89. Kg3 Rf8 90. Kg4 Kd5 91. Kg5 Be2
92. Rb4 Ke5 93. Kh4 Rg8 94. Kh3 Bf3 95. Kh2 Be4 96. Ra4 Kf4 97. Ra3 Rh8+ 98. Kg1
Bf3 99. Kf2 Rh2+ 100. Ke1 Re2+ 101. Kf1 Kg3 102. Rb3 Rd2 103. Re3 Rd6 104. Re5
Rh6 105. Ke1 Kf4 106. Re8 Rh2 1/2-1/2

[Event "chess.com SpeedChess 2023"]
[Site "chess.com INT"]
[Date "2023.09.14"]
[Round "1.9"]
[White "Nepomniachtchi, Ian"]
[Black "Erigaisi, Arjun"]
[Result "1/2-1/2"]
[WhiteTitle "GM"]
[BlackTitle "GM"]
[WhiteElo "2771"]
[BlackElo "2712"]
[WhiteFideId "4168119"]
[BlackFideId "35009192"]
[EventDate "2023.09.04"]
[EventType "k.o."]

1. e4 c5 2. c3 d5 3. exd5 Qxd5 4. d4 Nf6 5. Nf3 e6 6. Na3 a6 7. Nc4 Nbd7 8. a4
b6 9. Be2 Bb7 10. O-O cxd4 11. Qxd4 Bc5 12. Qh4 h6 13. Rd1 Qe4 14. Qxe4 Nxe4 15.
Be3 Bxe3 16. Nxe3 Ke7 17. Nd4 Nef6 18. f3 Rhd8 19. Kf2 Nd5 20. Nc4 Rac8 21. Bf1
g6 22. Rd2 Nc5 23. Rdd1 Kf6 24. g3 g5 25. Re1 h5 26. Ne5 h4 27. Ng4+ Kg6 28.
Ne5+ Kf6 29. Ng4+ Kg7 30. Re5 f5 31. Ne3 Kf6 32. Nxd5+ Bxd5 33. Rae1 hxg3+ 34.
hxg3 Rh8 35. b4 Nd7 36. Rxe6+ Bxe6 37. Rxe6+ Kf7 38. Rd6 Ne5 39. Rxb6 Rxc3 40.
Rb7+ Kf6 41. Rb6+ Kf7 42. Rb7+ Kf6 43. Rb6+ Kf7 1/2-1/2

[Event "chess.com SpeedChess 2023"]
[Site "chess.com INT"]
[Date "2023.09.14"]
[Round "1.10"]
[White "Erigaisi, Arjun"]
[Black "Nepomniachtchi, Ian"]
[Result "0-1"]
[WhiteTitle "GM"]
[BlackTitle "GM"]
[WhiteElo "2712"]
[BlackElo "2771"]
[WhiteFideId "35009192"]
[BlackFideId "4168119"]
[EventDate "2023.09.04"]
[EventType "k.o."]

1. c4 e5 2. Nc3 Nf6 3. Nf3 Nc6 4. e3 Bb4 5. Nd5 Bd6 6. d4 O-O 7. Nxf6+ Qxf6 8.
d5 Ne7 9. Bd3 Bb4+ 10. Kf1 a5 11. Qc2 h6 12. a3 Bc5 13. Nd2 Qh4 14. Ne4 Ba7 15.
d6 cxd6 16. Nxd6 Bc5 17. Ne4 b6 18. b3 f5 19. Nxc5 bxc5 20. Bb2 d6 21. Rd1 Bb7
22. h3 Rf6 23. f3 Raf8 24. Qf2 Qh5 25. Ke1 Qe8 26. a4 Rg6 27. Bc2 Nc6 28. Kd2
Nb4 29. Kc1 d5 30. cxd5 Bxd5 31. g4 fxg4 32. Rxd5 Nxd5 33. hxg4 Nb4 34. Bxg6
Qxg6 35. Qe2 Rxf3 36. Qc4+ Kh7 37. Bxe5 Nd3+ 0-1

[Event "chess.com SpeedChess 2023"]
[Site "chess.com INT"]
[Date "2023.09.14"]
[Round "1.11"]
[White "Nepomniachtchi, Ian"]
[Black "Erigaisi, Arjun"]
[Result "1/2-1/2"]
[WhiteTitle "GM"]
[BlackTitle "GM"]
[WhiteElo "2771"]
[BlackElo "2712"]
[WhiteFideId "4168119"]
[BlackFideId "35009192"]
[EventDate "2023.09.04"]
[EventType "k.o."]

1. e4 c5 2. Nf3 d6 3. d4 cxd4 4. Nxd4 Nf6 5. Nc3 g6 6. Be3 Bg7 7. f3 Nc6 8. Qd2
O-O 9. O-O-O d5 10. Nxc6 bxc6 11. Bh6 Bxh6 12. Qxh6 Rb8 13. e5 Nd7 14. h4 Nxe5
15. h5 Bf5 16. g4 f6 17. Qe3 Bd7 18. hxg6 Qb6 19. Qxb6 axb6 20. gxh7+ Kg7 21.
Be2 Rh8 22. a4 Rxh7 23. Rxh7+ Kxh7 24. Kd2 Kg7 25. Rh1 d4 26. Ne4 c5 27. Ng3 Rh8
28. Nf5+ Bxf5 29. Rxh8 Kxh8 30. gxf5 Kg7 31. c3 dxc3+ 32. Kxc3 Kf8 33. Bd1 Ke8
34. f4 Nc6 35. Kc4 Kd7 36. Bf3 Nd4 37. Be4 Ne2 38. a5 bxa5 39. Kxc5 Nxf4 40. Kb5
e6 41. Kxa5 exf5 42. Bxf5+ Kc7 43. b4 Kb8 44. b5 Nd5 45. b6 Nxb6 46. Kxb6 Ka8
47. Kc7 Ka7 48. Bd3 f5 49. Bxf5 1/2-1/2

[Event "chess.com SpeedChess 2023"]
[Site "chess.com INT"]
[Date "2023.09.14"]
[Round "1.12"]
[White "Erigaisi, Arjun"]
[Black "Nepomniachtchi, Ian"]
[Result "0-1"]
[WhiteTitle "GM"]
[BlackTitle "GM"]
[WhiteElo "2712"]
[BlackElo "2771"]
[WhiteFideId "35009192"]
[BlackFideId "4168119"]
[EventDate "2023.09.04"]
[EventType "k.o."]

1. e4 e5 2. Nf3 Nf6 3. d4 Nxe4 4. dxe5 Bc5 5. Bc4 Nxf2 6. Bxf7+ Kxf7 7. Qd5+ Kg6
8. Qxc5 Nxh1 9. Nc3 h6 10. Qc4 Nc6 11. Nd5 d6 12. e6 Kh7 13. Qe4+ Kg8 14. e7 Qe8
15. Be3 Bd7 16. Nxc7 Qxe7 17. Qxe7 Nxe7 18. Nxa8 Kf7 19. Nc7 Rc8 20. Bxa7 Rxc7
21. Kd2 Bf5 22. Nd4 Nf2 23. Nxf5 Ne4+ 24. Kd3 Nxf5 25. Kxe4 Rxc2 26. Kxf5 Rc4 0-1

[Event "chess.com SpeedChess 2023"]
[Site "chess.com INT"]
[Date "2023.09.14"]
[Round "1.13"]
[White "Nepomniachtchi, Ian"]
[Black "Erigaisi, Arjun"]
[Result "0-1"]
[WhiteTitle "GM"]
[BlackTitle "GM"]
[WhiteElo "2771"]
[BlackElo "2712"]
[WhiteFideId "4168119"]
[BlackFideId "35009192"]
[EventDate "2023.09.04"]
[EventType "k.o."]

1. e4 c5 2. Nf3 d6 3. d4 cxd4 4. Nxd4 Nf6 5. Nc3 g6 6. Be3 Bg7 7. f3 Nc6 8. Qd2
O-O 9. O-O-O d5 10. Nxc6 bxc6 11. Bh6 Bxh6 12. Qxh6 Rb8 13. e5 Nd7 14. Re1 Qa5
15. Qd2 Nc5 16. a3 Rxb2 17. Kxb2 Na4+ 18. Ka1 Nxc3 19. Qc1 Be6 20. Qb2 c5 21. h4
Na4 0-1

[Event "chess.com SpeedChess 2023"]
[Site "chess.com INT"]
[Date "2023.09.14"]
[Round "1.14"]
[White "Erigaisi, Arjun"]
[Black "Nepomniachtchi, Ian"]
[Result "0-1"]
[WhiteTitle "GM"]
[BlackTitle "GM"]
[WhiteElo "2712"]
[BlackElo "2771"]
[WhiteFideId "35009192"]
[BlackFideId "4168119"]
[EventDate "2023.09.04"]
[EventType "k.o."]

1. c4 e5 2. Nc3 Nf6 3. Nf3 Nc6 4. a3 g6 5. g3 Bg7 6. Bg2 O-O 7. O-O a5 8. d3 d6
9. Rb1 h6 10. b4 axb4 11. axb4 Be6 12. Nd2 Qc8 13. Nd5 Bh3 14. Nxf6+ Bxf6 15. b5
Bxg2 16. Kxg2 Ne7 17. b6 c5 18. Ne4 Bg7 19. Nc3 Qc6+ 20. e4 Ra6 21. Nd5 Nxd5 22.
cxd5 Qd7 23. h4 h5 24. Qb3 Rfa8 25. Bb2 Bf6 26. f4 Ra2 27. Rf2 Qg4 28. fxe5 Rxb2
29. Rbxb2 Bxe5 30. Rf3 c4 31. dxc4 Bxb2 32. Qxb2 Qxe4 33. Qd2 Qxc4 34. Rf2 Qe4+
35. Kh2 Ra1 36. Rg2 Qb1 37. Kh3 Qxb6 38. Qe2 Rh1+ 39. Rh2 Qg1 0-1

[Event "chess.com SpeedChess 2023"]
[Site "chess.com INT"]
[Date "2023.09.14"]
[Round "1.15"]
[White "Nepomniachtchi, Ian"]
[Black "Erigaisi, Arjun"]
[Result "0-1"]
[WhiteTitle "GM"]
[BlackTitle "GM"]
[WhiteElo "2771"]
[BlackElo "2712"]
[WhiteFideId "4168119"]
[BlackFideId "35009192"]
[EventDate "2023.09.04"]
[EventType "k.o."]

1. e4 e6 2. d4 d5 3. e5 c5 4. c3 Nc6 5. Nf3 Bd7 6. Be2 f6 7. O-O fxe5 8. Nxe5
Nxe5 9. dxe5 Qc7 10. Bf4 Ne7 11. a4 Nc6 12. Na3 a6 0-1